Hall of Fame - Rock and Roll or Baseball? Quiz Stats

 Plays Quiz Updated Nov 21, 2015

Challenge
Share
Tweet
Embed
Score 0/24 Timer 02:00
1 Play Today
Inductee B or R % Correct
Luke Appling???
83.5%
Willie Keeler???
83%
Pie Traynor???
81.4%
Frankie Frisch???
79.7%
Del Shannon???
79.7%
Red Ruffing???
79.4%
Curtis Mayfield???
76.7%
Buck Ewing???
76.6%
Duane Eddy???
75.5%
Eddie Collins???
75.5%
Rabbit Maranville???
73.9%
Jackie Wilson???
73.2%
Inductee B or R % Correct
Jimmy Reed???
73.1%
Cool Papa Bell???
73.1%
Gene Pitney???
72.5%
Gene Vincent???
70.7%
Max Carey???
70.1%
Elmer Flick???
69.5%
Solomon Burke???
66.3%
Jimmy Collins???
64.1%
Lloyd Price???
63.8%
Hank Ballard???
63.1%
Clyde McPhatter???
62.7%
Eddie Cochran???
62%

You're not logged in!

Compare scores with friends on all Sporcle quizzes.
Join for Free
OR
Log In

You Might Also Like...

Show Comments

Extras

Top Quizzes Today


Score Distribution

Your Account Isn't Verified!

In order to create a playlist on Sporcle, you need to verify the email address you used during registration. Go to your Sporcle Settings to finish the process.

Report this User

Report this user for behavior that violates our Community Guidelines.

Details: